World Leaders - Statistics

General Stats
  • This quiz has been taken 15 times
    2 since last reset
  • The average score is 14 of 24
Answer Stats
Picture Answer % Correct
Canada
100%
China
100%
France
100%
Japan
100%
New Zealand
100%
North Korea
100%
Russia
100%
Saudi Arabia
100%
South Korea
100%
United Kingdom
100%
United States
100%
Vatican City
100%
India
50%
Italy
50%
South Africa
50%
Sweden
50%
Australia
0%
Brazil
0%
Germany
0%
Greece
0%
Israel
0%
Mexico
0%
Spain
0%
Thailand
0%
No matching quizzes found
Score Distribution
Percent of People with Each Score
Percentile by Number Answered
Your Score History
You have not taken this quiz since the last reset